高岡駅から1回以下の乗り換えで行ける駅 - Statistics

General Stats
  • This quiz has been taken 6 times
  • The average score is 156 of 333
Answer Stats
Answer % Correct
東京
100%
上野
100%
大宮
100%
軽井沢
100%
佐久平
100%
上田
100%
長野
100%
飯山
100%
上越妙高
100%
糸魚川
100%
黒部宇奈月温泉
100%
富山
100%
新高岡
100%
金沢
100%
小松
100%
加賀温泉
100%
芦原温泉
100%
福井
100%
越前たけふ
100%
敦賀
100%
西富山
100%
越中八尾
100%
津幡
100%
越前花堂
100%
倶利伽羅
100%
東富山
100%
黒部
100%
高崎
83%
猪谷
83%
名古屋
83%
七尾
83%
和倉温泉
83%
南今庄
83%
今庄
83%
南条
83%
王子保
83%
武生
83%
鯖江
83%
森田
83%
丸岡
83%
牛ノ谷
83%
松任
83%
野々市
83%
西金沢
83%
東金沢
83%
石動
83%
福岡
83%
西高岡
83%
高岡やぶなみ
83%
小杉
83%
新富山口
83%
滑川
83%
魚津
83%
生地
83%
83%
越中宮崎
83%
市振
83%
親不知
83%
直江津
83%
越中舟橋
83%
立山
83%
婦中鵜坂
67%
速星
67%
高山
67%
美濃太田
67%
岐阜
67%
南小谷
67%
雨晴
67%
氷見
67%
城端
67%
羽咋
67%
春江
67%
大聖寺
67%
動橋
67%
粟津
67%
明峰
67%
能美根上
67%
美川
67%
西松任
67%
森本
67%
越中大門
67%
呉羽
67%
水橋
67%
東滑川
67%
西入善
67%
入善
67%
能生
67%
高田
67%
内灘
67%
電鉄富山
67%
上市
67%
電鉄魚津
67%
電鉄黒部
67%
宇奈月温泉
67%
不二越
67%
南富山
67%
上滝
67%
奥田中学校前
67%
岩瀬浜
67%
笹津
50%
下呂
50%
北小谷
50%
越中中川
50%
能町
50%
伏木
50%
越中国分
50%
島尾
50%
戸出
50%
砺波
50%
福野
50%
福光
50%
中津幡
50%
宇野気
50%
高松
50%
良川
50%
湯尾
50%
北鯖江
50%
小舞子
50%
加賀笠間
50%
青海
50%
えちご押上ひすい海岸
50%
梶屋敷
50%
新井
50%
野町
50%
新西金沢
50%
鶴来
50%
北鉄金沢
50%
稲荷町
50%
東新庄
50%
寺田
50%
早月加積
50%
西魚津
50%
新黒部
50%
五百石
50%
富山駅
50%
インテック本社前
50%
西町
50%
県庁前
50%
富山大学前
50%
中新湊
50%
海王丸
50%
東八尾
33%
飛騨古川
33%
姫川
33%
油田
33%
本津幡
33%
宝達
33%
能登二宮
33%
大土呂
33%
細呂木
33%
筒石
33%
北新井
33%
春日山
33%
野々市工大前
33%
額住宅前
33%
七ツ屋
33%
蚊爪
33%
粟ヶ崎
33%
新庄田中
33%
越中荏原
33%
越中三郷
33%
中加積
33%
西加積
33%
西滑川
33%
舌山
33%
愛本
33%
有峰口
33%
栄町
33%
布市
33%
開発
33%
オークスカナルパークホテル富山前
33%
荻浦小学校前
33%
東岩瀬
33%
南富山駅前
33%
堀川小泉
33%
西中野
33%
広貫堂前
33%
上本町
33%
中町(西町北)
33%
桜橋
33%
電気ビル前
33%
電鉄富山駅・エスタ前
33%
丸の内
33%
安野屋
33%
末広町
33%
片原町
33%
急患医療センター前
33%
新能町
33%
越ノ潟
33%
千里
17%
楡原
17%
中土
17%
平岩
17%
小滝
17%
根知
17%
頸城大野
17%
二塚
17%
17%
東野尻
17%
高儀
17%
東石黒
17%
越中山田
17%
能瀬
17%
横山
17%
免田
17%
敷浪
17%
南羽咋
17%
千路
17%
金丸
17%
能登部
17%
徳田
17%
浦本
17%
名立
17%
有間川
17%
谷浜
17%
西泉
17%
陽羽里
17%
井口
17%
割出
17%
三ツ屋
17%
越中泉
17%
相ノ木
17%
新相ノ木
17%
新宮川
17%
浜加積
17%
越中中村
17%
新魚津
17%
経田
17%
電鉄石田
17%
東三日市
17%
萩生
17%
長屋
17%
栃屋
17%
浦山
17%
下立口
17%
下立
17%
内山
17%
音沢
17%
稚子塚
17%
榎町
17%
沢中山
17%
岩峅寺
17%
横江
17%
千垣
17%
本宮
17%
大泉
17%
朝菜町
17%
月岡
17%
大庄
17%
大川寺
17%
龍谷富山高校前(永楽町)
17%
下奥井
17%
粟島(大阪屋ショップ前)
17%
越中中島
17%
城川原
17%
犬島新町
17%
蓮町(馬場記念公園前)
17%
競輪場前
17%
大町
17%
小泉町
17%
荒町
17%
地鉄ビル前
17%
新富町
17%
諏訪川
17%
国際会議場前
17%
大手モール
17%
グランドプラザ前
17%
志貴野中学校前
17%
江尻
17%
米島口
17%
能町口
17%
六渡寺
17%
第一イン新湊クロスベイ前
17%
新町口
17%
トヨタモビリティ富山Gスクエア五福前(五福末広町)
17%
ミナミタカダ
0%
押野
0%
馬替
0%
乙丸
0%
四十万
0%
曽谷
0%
道法寺
0%
小柳
0%
日御子
0%
上諸江
0%
磯部
0%
三口
0%
大河端
0%
北間
0%
若栗
0%
田添
0%
下段
0%
釜ヶ淵
0%
上堀
0%
坂下町
0%
広小路
0%
市民病院前
0%
旭ヶ丘
0%
萩布
0%
新吉久
0%
吉久
0%
中伏木
0%
庄川口
0%
No matching quizzes found
Score Distribution
Percent of People with Each Score
Percentile by Number Answered
Your Score History
You have not taken this quiz